Fnaf All Freddy's - Statistics

General Stats
  • This quiz has been taken 545 times
  • The average score is 17 of 35
Answer Stats
Hint Answer % Correct
Fnaf 1 Freddy
98%
Golden Freddy
96%
Fnaf 2 Toy Freddy
94%
Nightmare
81%
SL Funtime Freddy
79%
Fnaf 4 Nightmare Freddy
78%
Fnaf 3 Phantom Freddy
76%
Shadow Freddy
72%
Color Brown
71%
Last name Fazbear
71%
Nightmare Fredbear
70%
Are Funtime Freddy and Freddy sisters No
66%
Can Freddy be purple Yes
62%
Howmany freckles does Freddy have 3
58%
Always carrys Microphone
58%
Origianal Fredbear
55%
Hat
54%
Talent Singing
51%
Freddles
49%
What about no leg Fnaf 3
43%
Always wears Tie
41%
Old Freddy
39%
Howmany total jumpscares can the Freddy clan make 14
35%
Old Golden Freddy
35%
In fnaf 1, name the rooms that freddy can be seen in Show stage
27%
Who does Funtime Freddy think we are Birthday boy
23%
Kitchen
23%
Which game is Freddy seen in with no hand SL
19%
East hall
17%
Party room
16%
Restroom
16%
Office
15%
East hall corner
12%
2 ways he can kill you Power runs out
3%
Laughs 6 times
1%
No matching quizzes found
Score Distribution
Percent of People with Each Score
Percentile by Number Answered
Your Score History
You have not taken this quiz